00427nam a22001337a 4500008004100000020001500041050002400056100002100080245007100101260004600172300001400218650004200232700001900274220822b |||||||| |||| 00| 0 eng d a0582016541 aPB35b.L44 1991 C.1 aLegutke, Michael aProcess and experience in the language classroom/cMichael Legutke aNew YorkbPearson Education Limitedc1991 axv. 332p. aLanguages, modernvStudy and teaching aThomas, Howard